| 000 -LEADER |
| fixed length control field |
01075cam a22003617a 4500 |
| 020 ## - INTERNATIONAL STANDARD BOOK NUMBER |
| ISBN |
9251046646 (FAO) |
| 020 ## - INTERNATIONAL STANDARD BOOK NUMBER |
| ISBN |
9241660473 (WHO) |
| 040 ## - CATALOGING SOURCE |
| Transcribing agency |
NLM |
| 082 00 - DEWEY DECIMAL CLASSIFICATION NUMBER |
| Classification number |
615 WOR 2001 A053 Or. |
| 110 2# - MAIN ENTRY--CORPORATE NAME |
| Corporate name or jurisdiction name as entry element |
Joint FAO/WHO Expert Committee on Food Additives. |
| 245 10 - TITLE STATEMENT |
| Title |
Safety evaluation of certain mycotoxins in food / |
| 260 ## - PUBLICATION, DISTRIBUTION, ETC. (IMPRINT) |
| Place of publication |
Geneva : |
| Name of publisher |
World Health Organization : |
| -- |
IPCS, |
| Year of publication |
2001. |
| 300 ## - PHYSICAL DESCRIPTION |
| Number of Pages |
v, 701 p. : |
| Other physical details |
ill. ; |
| Dimensions |
23 cm. |
| 650 #0 - SUBJECT ADDED ENTRY--TOPICAL TERM |
| Topical Term |
Mycotoxins |
| 650 #0 - SUBJECT ADDED ENTRY--TOPICAL TERM |
| Topical Term |
Mycotoxicoses |
| 650 #0 - SUBJECT ADDED ENTRY--TOPICAL TERM |
| Topical Term |
Carboxylic acids |
| 650 #0 - SUBJECT ADDED ENTRY--TOPICAL TERM |
| Topical Term |
Aflatoxins |
| 650 #0 - SUBJECT ADDED ENTRY--TOPICAL TERM |
| Topical Term |
Ochratoxins |
| 650 #0 - SUBJECT ADDED ENTRY--TOPICAL TERM |
| Topical Term |
Trichothecenes |
| 650 #0 - SUBJECT ADDED ENTRY--TOPICAL TERM |
| Topical Term |
Risk assessment |
| 650 12 - SUBJECT ADDED ENTRY--TOPICAL TERM |
| Topical Term |
Aflatoxins |
| 650 22 - SUBJECT ADDED ENTRY--TOPICAL TERM |
| Topical Term |
Carboxylic Acids |
| 650 22 - SUBJECT ADDED ENTRY--TOPICAL TERM |
| Topical Term |
Food Contamination |
| 650 22 - SUBJECT ADDED ENTRY--TOPICAL TERM |
| Topical Term |
Mycotoxicosis |
| 650 22 - SUBJECT ADDED ENTRY--TOPICAL TERM |
| Topical Term |
Ochratoxins |
| 650 22 - SUBJECT ADDED ENTRY--TOPICAL TERM |
| Topical Term |
Risk Assessment |
| 650 22 - SUBJECT ADDED ENTRY--TOPICAL TERM |
| Topical Term |
Trichothecenes |
| 650 #0 - SUBJECT ADDED ENTRY--TOPICAL TERM |
| Topical Term |
Food contamination |
| 710 2# - ADDED ENTRY--CORPORATE NAME |
| Corporate name or jurisdiction name as entry element |
World Health Organization. |
| 710 2# - ADDED ENTRY--CORPORATE NAME |
| Corporate name or jurisdiction name as entry element |
International Program on Chemical Safety. |
| 710 2# - ADDED ENTRY--CORPORATE NAME |
| Corporate name or jurisdiction name as entry element |
Food and Agriculture Organization of the United Nations. |
| 942 ## - ADDED ENTRY ELEMENTS (KOHA) |
| Koha item type |
សៀវភៅភាសាអង់គ្លេស |
| 952 ## - LOCATION AND ITEM INFORMATION (KOHA) |
| Withdrawn status [LOCAL, KOHA] |
0 |